British and American Words by Common Definition #1 - Statistics

General Stats
  • This quiz has been taken 57 times
  • The average score is 22 of 40
Answer Stats
Definition Word % Correct
Punctuation mark (.) used at the end of a sentence or an abbreviation full stop
90%
Waste material; refuse or litter rubbish
85%
Telephone with access to a cellular radio system so it can be used over a wide area {mobile} phone
83%
Underground railway subway
83%
Telephone with access to a cellular radio system so it can be used over a wide area {cell} phone
81%
Area or building where cars or other vehicles may be left temporarily {car} {park}
79%
Punctuation mark (.) used at the end of a sentence or an abbreviation period
79%
Sequence of people or vehicles awaiting their turn, e.g. at a cashier queue
79%
Central American cereal plant that yields large grains set in rows on a cob corn
77%
Area or building where cars or other vehicles may be left temporarily {parking} {lot}
75%
Sequence of people or vehicles awaiting their turn, e.g. at a cashier line
73%
Passenger vehicle powered by electricity from overhead cables, running on rails laid in a public road tram
71%
Underground railway underground
71%
Waste material; refuse or litter garbage
69%
Vehicle equipped for living in, typically towed by a car and used for holidays caravan
65%
Sign affixed to the front and rear of a vehicle displaying its registration number {number} plate
65%
Small bed with high barred sides for a baby crib
63%
Rubber or plastic teat for a baby to suck on dummy
63%
Sign affixed to the front and rear of a vehicle displaying its registration number {license} plate
60%
Occasion on which the pupils of a school compete in various races and athletic events {sports} day
60%
Undergarment worn under a shirt vest
58%
Small bed with high barred sides for a baby cot
56%
Rubber or plastic teat for a baby to suck on pacifier
50%
Track made of steel rails along which trains run railway
50%
Central American cereal plant that yields large grains set in rows on a cob maize
48%
Glass screen at the front of a motor vehicle windscreen
46%
Organised body of people trained and employed to extinguish fires fire {brigade}
42%
Person employed to look after a building janitor
42%
Glass screen at the front of a motor vehicle windshield
42%
Passenger vehicle powered by electricity from overhead cables, running on rails laid in a public road streetcar
40%
Organised body of people trained and employed to extinguish fires fire {department}
38%
Vehicle equipped for living in, typically towed by a car and used for holidays trailer
31%
Track made of steel rails along which trains run railroad
29%
Person employed to look after a building caretaker
27%
Date on which the fixed period for which a contract is valid ends {expiration} date
23%
Person who serves customers in a shop {shop} {assistant}
21%
Undergarment worn under a shirt undershirt
21%
Date on which the fixed period for which a contract is valid ends {expiry} date
19%
Occasion on which the pupils of a school compete in various races and athletic events {field} day
17%
Person who serves customers in a shop {sales} {clerk}
2%
No matching quizzes found
Score Distribution
Percent of People with Each Score
Percentile by Number Answered
Your Score History
You have not taken this quiz